00730nam a2200181 a 4500003000200000005001700002008004100019050002900060100002500089245008400114260009300198300004600291504004100337650004900378650004600427650004200473650003300515020250310162530.0080827s19uu xx 00 eng d aPGS QR 82.A48b.J54 2008 aJeong, Chae Young C. aThe effect of Psidium guajava on Staphylococcus aureus /cChae Young C. Jeong.  aLas Piñas City, Philippines : bSouthville International School and Colleges, c2008. a28 pages : b illustrations ; c28 cm.  aIncludes bibliographical references. aPsidium guajava vAntimicrobial properties.  aPlant extracts vAntibacterial activity.  aStaphylococcus aureus vDrug effects. aMicrobial sensitivity tests.